A Short History of Pakistan (Record no. 563409)
[ view plain ]
| 000 -LEADER | |
|---|---|
| fixed length control field | 00348nam a2200121Ia 4500 |
| 008 - FIXED-LENGTH DATA ELEMENTS--GENERAL INFORMATION | |
| fixed length control field | 210430s9999 xx 000 0 und d |
| 020 ## - INTERNATIONAL STANDARD BOOK NUMBER | |
| International Standard Book Number | 969-404-008-6 |
| 082 ## - DEWEY DECIMAL CLASSIFICATION NUMBER | |
| Classification number | 954.91 Q95 S |
| 100 ## - MAIN ENTRY--PERSONAL NAME | |
| Personal name | Dr. I.H. Qureshi |
| 9 (RLIN) | 53414 |
| 245 #2 - TITLE STATEMENT | |
| Title | A Short History of Pakistan |
| Statement of responsibility, etc. | Dr. I.H. Qureshi |
| 260 ## - PUBLICATION, DISTRIBUTION, ETC. | |
| Place of publication, distribution, etc. | Karachi |
| Name of publisher, distributor, etc. | University of Karachi |
| Date of publication, distribution, etc. | 2006 |
| 942 ## - ADDED ENTRY ELEMENTS (KOHA) | |
| Koha item type | Book |
| Source of classification or shelving scheme | |
| Withdrawn status | Lost status | Damaged status | Not for loan | Collection code | Permanent Location | Current Location | Shelving location | Date acquired | Total Checkouts | Full call number | Barcode | Date last seen | Price effective from | Koha item type | Source of classification or shelving scheme |
|---|---|---|---|---|---|---|---|---|---|---|---|---|---|---|---|
| School of Chemical & Materials Engineering (SCME) | School of Chemical & Materials Engineering (SCME) | General Stacks | 12/12/4 | 954.91 Q95 S | SCME-2328 | 04/30/2021 | 04/30/2021 | Book | |||||||
| School of Chemical & Materials Engineering (SCME) | School of Chemical & Materials Engineering (SCME) | 05/09/2024 | 954.91 Q95 S | SCME-2327 | 05/09/2024 | 05/09/2024 | Book |
